| Tag |
First Indicator |
Second Indicator |
Subfields |
| LEADER |
00000cam a2200000 4500 |
| 001 |
in00000050844 |
| 005 |
20151007073920.0 |
| 008 |
760315s1961 ilua 00000 eng d |
| 035 |
|
|
|a (OCoLC)02050992
|
| 035 |
|
|
|9 AAF0615AM
|
| 040 |
|
|
|a CHS
|c CHS
|d TXA
|d UtOrBLW
|
| 049 |
|
|
|a TXAM
|c [363963]
|
| 090 |
|
|
|a QH205
|b .F67
|
| 092 |
|
|
|a 578
|b F826p, 1961
|
| 096 |
|
|
|a QH 205 F826p 1961
|
| 100 |
1 |
|
|a Françon, M.
|q (Maurice),
|d 1913-
|
| 245 |
1 |
0 |
|a Progress in microscopy.
|
| 264 |
|
1 |
|a Evanston, Ill. :
|b Row, Peterson,
|c [1961]
|
| 300 |
|
|
|a 295 pages :
|b illustrations ;
|c 24 cm.
|
| 336 |
|
|
|a text
|b txt
|2 rdacontent
|
| 337 |
|
|
|a unmediated
|b n
|2 rdamedia
|
| 338 |
|
|
|a volume
|b nc
|2 rdacarrier
|
| 490 |
1 |
|
|a International series of monographs on pure and applied biology. Division: Modern trends in physiological sciences ;
|v v. 9
|
| 650 |
|
0 |
|a Microscopes.
|
| 650 |
|
0 |
|a Microscopy.
|
| 830 |
|
0 |
|a International series of monographs on pure and applied biology.
|p Division, Modern trends in physiological sciences ;
|v v.9.
|
| 999 |
|
|
|a MARS
|
| 999 |
f |
f |
|s c8f54f5e-354a-36ee-850c-4e207884d24d
|i af822307-4e01-367c-8838-ce01e04b50d6
|t 0
|
| 952 |
f |
f |
|p ric
|a Texas A&M University
|b Rellis Campus
|c Joint Library Facility
|d Remote Storage
|t 0
|e QH205 .F67
|h Library of Congress classification
|i unmediated -- volume
|l 1961
|m A14800981994
|
| 998 |
f |
f |
|a QH205 .F67
|t 0
|l Remote Storage
|